000 00669nam a2200241Ia 4500
003 OSt
005 20220926005321.0
006 a|||||r|||| 00| 0
007 ta
008 220923b |||||||| |||| 00| 0 eng d
020 _a8186771743
037 _cGeneral Book
040 _aRTL
_cRTL
_beng
041 _2eng
_aeng
082 _aX:54.1,hN95:g(J), P5
100 _aSabanna Talwar
_9301942
245 0 _aWTO and the agriculture
260 _a New Delhi
_bSerials Pub.
_c2005
300 _axv,293p
_ccm.
500 _aBibliography chapterwise
942 _hX:54.1,hN95:g(J), P5
_cGB
_2CC
999 _c613486
_d613486